| 000 | 00771cam a2200253 4500500 | ||
|---|---|---|---|
| 005 | 20260329001522.0 | ||
| 041 | _afre | ||
| 042 | _adc | ||
| 100 | 1 | 0 |
_aDejours, Christophe _eauthor |
| 700 | 1 | 0 |
_aKlotz, Nicolas _eauthor |
| 700 | 1 | 0 |
_aErner, Guillaume _eauthor |
| 700 | 1 | 0 |
_aCerf, Juliette _eauthor |
| 245 | 0 | 0 | _aDejours, Erner, Klotz. Barbare, l’entreprise ? |
| 260 | _c2007. | ||
| 500 | _a61 | ||
| 690 | _aChristophe Dejours | ||
| 690 | _aGuillaume Erner | ||
| 690 | _aNicolas Klotz | ||
| 690 | _aSouffrance | ||
| 690 | _aSuicide | ||
| 690 | _aTravail | ||
| 786 | 0 | _nPhilosophie magazine | 14 | 11 | 2007-11-01 | p. 4-6 | 1951-1787 | |
| 856 | 4 | 1 | _uhttps://shs.cairn.info/magazine-philosophie-magazine-2007-11-page-4?lang=fr&redirect-ssocas=7080 |
| 999 |
_c1806176 _d1806176 |
||